Gender and sexuality : rights, language and performativity /

সংরক্ষণ করুন:
গ্রন্থ-পঞ্জীর বিবরন
অন্যান্য লেখক: Antosa, Silvia (সম্পাদক)
বিন্যাস: গ্রন্থ
ভাষা:ইংরেজি
প্রকাশিত: Roma : Aracne, 2012
মালা:Sviluppo della persona ed esercizio dei diritti umani ; 3
ট্যাগগুলো: ট্যাগ যুক্ত করুন
কোনো ট্যাগ নেই, প্রথমজন হিসাবে ট্যাগ করুন!

MARC

LEADER 00000nam a22000007i 4500
001 IT\ICCU\UFE\0975899
003 ItRI
005 20260115232110.0
008 121113s2012 it |||||| ||||| |||||c
020 |a 9788854849785 
040 |b ita  |c importazione bologna sebina 
041 7 |a eng  |2 ISO-639-2 
130 0 |a Gender and sexuality  |3 IT\ICCU\RL1\0086709 
245 0 0 |a Gender and sexuality :  |b rights, language and performativity /  |c edited by Silvia Antosa ; contributions by Silvia Antosa ... [et al.]. 
260 |a Roma :  |b Aracne,  |c 2012 
300 |a 181 p. ;  |c 22 cm 
700 1 |a Antosa, Silvia  |0 IT\ICCU\RMSV\787336  |4 edt 
830 0 |a Sviluppo della persona ed esercizio dei diritti umani ;  |v 3  |0 IT\ICCU\UFE\0936639 
942 |2 ddc  |c BK  |n 0 
952 |0 0  |1 0  |4 0  |6 DOC_155_330000000000000_ANT  |7 0  |9 20030  |a BO  |b BO  |d 2026-01-15  |i 16743  |l 0  |o DOC 155.33 ANT  |p BO16743  |r 2026-01-15 23:21:10  |w 2026-01-15  |x [Sebina 5] [1 v.]  |y BK  |z 1 v. 
999 |c 17075  |d 17075